Kényszeregyezségi likvidáció
Elmentve itt :
| Szerző: | |
|---|---|
| Dokumentumtípus: | Cikk |
| Megjelent: |
1930
|
| Sorozat: | Polgári jog : a hazai és külföldi magánjog és hiteljog szemléje
6 |
| Kulcsszavak: | Hiteljog kényszeregyezség |
| Online Access: | http://misc.bibl.u-szeged.hu/5558 |
| LEADER | 00609nab a2200169 i 4500 | ||
|---|---|---|---|
| 001 | misc5558 | ||
| 005 | 20191106142633.0 | ||
| 008 | 170607s1930 hu o 0|| hun d | ||
| 040 | |a SZTE Miscellanea Repozitórium |b hun | ||
| 041 | |a hun | ||
| 100 | 1 | |a Fränkel Pál | |
| 245 | 1 | 0 | |a Kényszeregyezségi likvidáció |h [elektronikus dokumentum] / |c Fränkel Pál |
| 260 | |c 1930 | ||
| 300 | |a 255-256a | ||
| 490 | 0 | |a Polgári jog : a hazai és külföldi magánjog és hiteljog szemléje |v 6 | |
| 695 | |a Hiteljog kényszeregyezség | ||
| 856 | 4 | 0 | |u http://misc.bibl.u-szeged.hu/5558/1/polgari_jog_1930_255-256a.pdf |z Dokumentum-elérés |